[Event "IND-chB (Women) 42nd"]
[Site "Bhayandar"]
[Date "2015.07.10"]
[Round "10"]
[White "Patil, Samiksha"]
[Black "Priyanka, Nutakki"]
[Result "0-1"]
[WhiteElo "1600"]
[BlackElo "2043"]
[PlyCount "124"]
[EventDate "2015.07.02"]
[EventType "swiss"]
[EventRounds "11"]
[EventCountry "IND"]
[SourceTitle "CBM 167 Extra"]
[Source "ChessBase"]
[SourceDate "2015.09.14"]
[SourceVersion "1"]
[SourceVersionDate "2015.09.14"]
[SourceQuality "1"]

1. d4 Nf6 2. c4 c5 3. d5 b5 4. cxb5 a6 5. bxa6 g6 6. Nc3 Bxa6 7. g3 Bg7 8. Bg2 d6 9. Nf3 Nbd7 10. Rb1 0-0 11. 0-0 Qc7 12. Qc2 Rfb8 13. b3 Rb7 14. Bb2 c4 15. Nd4 Nc5 16. Rfd1 Ne8 17. Ba1 cxb3 18. axb3 Qb6 19. Nc6 Nxb3 20. Qa2 Nc7 21. Na4 Bxe2 22. Qxe2 Rxa4 23. Bxg7 Kxg7 24. Qb2+ f6 25. Nd8 Rb8 26. Qe2 e5 27. Nc6 Rba8 28. Qc2 Ra3 29. Rd3 Qc5 30. Rc3 Qb5 31. Rcxb3 Rxb3 32. Qxb3 Qxb3 33. Rxb3 Ra1+ 34. Bf1 Nxd5 35. Rb7+ Kh6 36. Kg2 Ra2 37. Rb3 f5 38. Bc4 Nf6 39. Rd3 Rc2 40. Bb5 Ng4 41. Rf3 e4 42. Rb3 Rxf2+ 43. Kg1 Rd2 44. h3 Nh2 45. Nd4 Kg5 46. Re3 Rxd4 47. Kxh2 Rd2+ 48. Re2 Rxe2+ 49. Bxe2 Kf6 50. Kg2 Ke5 51. Kf2 Kd4 52. Bf1 d5 53. Bb5 Kc3 54. Ke1 d4 55. Be2 g5 56. Bd1 f4 57. gxf4 gxf4 58. Bg4 d3 59. Bf5 e3 60. Bxh7 f3 61. Bxd3 Kxd3 62. h4 e2 0-1

[Event "IND-chB (Women) 42nd"]
[Site "Bhayandar"]
[Date "2015.07.05"]
[Round "5"]
[White "Singh, Neha"]
[Black "Patil, Samiksha"]
[Result "1/2-1/2"]
[WhiteElo "2020"]
[BlackElo "1600"]
[PlyCount "87"]
[EventDate "2015.07.02"]
[EventType "swiss"]
[EventRounds "11"]
[EventCountry "IND"]
[SourceTitle "CBM 167 Extra"]
[Source "ChessBase"]
[SourceDate "2015.09.14"]
[SourceVersion "1"]
[SourceVersionDate "2015.09.14"]
[SourceQuality "1"]

1. e4 c6 2. d4 d5 3. e5 c5 4. c3 Bf5 5. Bd3 Bxd3 6. Qxd3 e6 7. Ne2 Nc6 8. 0-0 Nge7 9. f4 Nf5 10. Nd2 h5 11. Nf3 Be7 12. Ng3 Nxg3 13. hxg3 Qb6 14. Be3 0-0-0 15. Rab1 Kb8 16. Bf2 Rc8 17. b3 Rc7 18. c4 Rd8 19. Rfd1 g6 20. Qd2 cxd4 21. Nxd4 Nxd4 22. Bxd4 Bc5 23. Qf2 Bxd4 24. Rxd4 Rdc8 25. Rc1 Qc5 26. Kh2 Qa3 27. Qd2 Qe7 28. Qd3 h4 29. g4 dxc4 30. bxc4 g5 31. f5 exf5 32. Qxf5 Qa3 33. Rcd1 Qg3+ 34. Kh1 h3 35. Qf3 hxg2+ 36. Qxg2 Qxg2+ 37. Kxg2 Rxc4 38. Kf3 Rxd4 39. Rxd4 Rc5 40. Ke4 Rc7 41. Kf5 Re7 42. Re4 Kc7 43. Kxg5 Re6 44. Kf5 1/2-1/2

[Event "IND-chB (Women) 42nd"]
[Site "Bhayandar"]
[Date "2015.07.02"]
[Round "1"]
[White "Gomes, Mary Ann"]
[Black "Patil, Samiksha"]
[Result "1-0"]
[WhiteElo "2353"]
[BlackElo "1600"]
[PlyCount "67"]
[EventDate "2015.07.02"]
[EventType "swiss"]
[EventRounds "11"]
[EventCountry "IND"]
[SourceTitle "CBM 167 Extra"]
[Source "ChessBase"]
[SourceDate "2015.09.14"]
[SourceVersion "1"]
[SourceVersionDate "2015.09.14"]
[SourceQuality "1"]

1. Nf3 Nf6 2. c4 e6 3. g3 d5 4. Bg2 Be7 5. b3 c5 6. Bb2 Nc6 7. e3 0-0 8. 0-0 b6 9. d4 Bb7 10. Nc3 Re8 11. Ne5 Rc8 12. Rc1 Bf8 13. Re1 Qd6 14. cxd5 exd5 15. f4 Ne7 16. g4 a6 17. dxc5 bxc5 18. g5 Nd7 19. Ne4 Qc7 20. Nxd7 dxe4 21. Rxc5 Qd8 22. Rxc8 Qxc8 23. Nxf8 Rxf8 24. Ba3 Rd8 25. Bxe7 Rxd1 26. Rxd1 Bd5 27. Rxd5 Qc1+ 28. Kf2 f6 29. gxf6 Qb2+ 30. Kg3 gxf6 31. Bxe4 Kf7 32. Bc5 Qxa2 33. Rd7+ Ke8 34. Bc6 1-0